MARC

LEADER 00000nam0a2200000 4500
001 120176
005 20231101215605.0
035 |a (RuTPU)RU\TPU\book\130121 
090 |a 120176 
100 |a 20070817d1974 km y0rusy50 ca 
101 0 |a rus 
102 |a RU 
105 |a a z 001zy 
200 1 |a О современных проблемах периодической системы  |f Б. М. Кедров, Д. Н. Трифонов 
210 |a Москва  |c Атомиздат  |d 1974 
215 |a 72 с.  |c ил. 
320 |a Библиогр.: с. 71-72. 
606 1 |a Периодическая система элементов  |2 stltpush  |3 (RuTPU)RU\TPU\subj\72133  |9 85718 
610 1 |a современные проблемы 
610 1 |a периодические системы 
675 |a 546-123-048.4  |v 3 
700 1 |a Кедров  |b Б. М.  |g Бонифатий Михайлович 
701 1 |a Трифонов  |b Д. Н.  |g Дмитрий Николаевич 
801 1 |a RU  |b 63413507  |c 20070817  |g PSBO 
801 2 |a RU  |b 63413507  |c 20151123  |g PSBO 
942 |c BK